000 01059cab a22002055a 4500
001 L152803
008 110504e20110428xxk 000 0 eng d
035 _a(Sirsi) u152803
041 0 _aeng
100 1 _aHatcher, David
245 0 0 _aMarkets
_bBirmingham
260 _c2011
490 0 _aProperty Week
_v77(17) 28 April 2011, 33-42(5)
520 _aLloyds Banking Group's strategic review might take the company out of Birmingham. Ex-Cube developers work on plans for the Post and Mail building. Brockton Capital and retail specialist Milligan have begun a review of the shopping provision in Brockton's newly acquired Mailbox scheme. Discusses Network Rail's plans for its £550m redevelopment of Birmingham New Street station and the Pallasades shopping centre. First Industrial and CWC Group are to develop a 500 000 sq ft shed for the Co-op at Castlewood Business Park in North Derbyshire.
590 _aKA
651 4 _aBirmingham
690 _aPROPERTY-COMMERCIAL PROPERTY-COMMERCIAL PROPERTY MARKET
700 1 _aByrne, Stephen
942 _n0
999 _c83100
_d83100